| 000 | 00447 a2200109 4500 | ||
|---|---|---|---|
| 100 | 1 |
_aKazarinov, Ju.M.. _eAutor |
|
| 700 | 1 |
_aSokolov, A.I.. _eAutor |
|
| 700 | 1 |
_aJurcenko, Ju.S.. _eAutor |
|
| 245 | 0 |
_aProektirovanie ustrojstv fil'tracii radiosignalov / _cKazarinov Ju.M., Sokolov A.I., Jurcenko Ju.S.. |
|
| 710 | 2 |
_aIzdat. Leningradskogo Universiteta. _eWydawca _4pbl |
|
| 260 |
_aLeningrad : _bIzdat. Leningradskogo Universiteta, _c1985. |
||
| 300 |
_a160 s.: _bil.; _c21 cm. |
||
| 999 |
_c7644 _d7644 |
||